Statistics for Albert Bandura

Click here to take the quiz!

General Stats

  • This quiz has been taken 66 times
  • The average score is 4 of 7

Answer Stats

QuestionAnswer% Correct
Albert Bandura is the originator of what theory?Social Learning Theory
88%
What experiment is Albert Bandura the most well known for?Bobo Doll Experiment
87%
What field of Psychology did Albert Bandura study in Choose the most suitable option.Social Cognitive Psychology
78%
______________ is the concept that one's belief in the capabilities affects how they succeed in prospective situations.Self-Efficacy
68%
What was the aim of the Bobo Doll Experiment? Choose the most suitable option.To test whether aggressive behaviour can be learned through imitation rather than through genetic traits
62%
What did Albert Bandura's early research focus on?Adolescent aggression
42%
Bonus question: What does strengthening self-efficacy levels through systematic desensitisation decrease?Avoidance Behaviour
23%

Score Distribution

Percentile by Number Answered

Percent of People with Each Score

Your Score History

You have not taken this quiz